An assessment of assessments : (Registro nro. 9033)
[ vista simple ]
| 000 -CABECERA | |
|---|---|
| Campo de control | 01420nam a22002777a 4500 |
| 005 - FECHA Y HORA DE LA ULTIMA TRANSACCION | |
| Campo de control | 20150121121823.0 |
| 008 - ELEMENTOS DE LONGITUD FIJA—INFORMACION GENERAL | |
| Campo de control | 091210s2009 ke ab b i001 0 eng d |
| 020 ## - ISBN | |
| ISBN | 9789280729764 |
| 040 ## - FUENTE DE CATALOGACIÓN | |
| Agencia catalogadora original | ZCU |
| Agencia transcriptora | ZCU |
| Agencia Modificadora | ZCU |
| -- | MUU |
| -- | DLC |
| -- | CO-BoIAVH |
| 041 ## - IDIOMA | |
| Código de idioma para texto/pista de sonido o título separado | Inglés |
| 082 04 - NUMERO DE CLASIFICACION DECIMAL DEWEY | |
| Número de clasificación | 333.9164 |
| Número del ítem | A84a |
| 245 03 - MENCION DE TITULO | |
| Título | An assessment of assessments : |
| Parte restante del título | findings of the Group of Experts pursuant to UNGA Resolution 60/30 / |
| Mención de responsabilidad | [UNESCO-Intergovernmental Oceanographic Commission ; United Nations Environment Programme]. |
| 260 ## - PUBLICACION, DISTRIBUCION, ETC. (PIE DE IMPRENTA) | |
| Lugar de publicación, distribución, etc. | Malta : |
| Nombre del editor, distribuidor, etc. | United Nations Environment Programme ; |
| -- | UNESCO-Intergovernmental Oceanographic Commission, |
| Fecha de publicación, distribución, etc. | c2009. |
| 300 ## - DESCRIPCION FISICA | |
| Extensión | 3 v., 432 p. |
| Otros detalles físicos | il., |
| Dimensiones | 21 cm. |
| 500 ## - NOTA GENERAL | |
| Nota general | "Start-up phase of a regular process for global reporting and assessment of the state of the marine environment including socio-economic aspects"-- en la cubierta. |
| 504 ## - NOTA DE BIBLIOGRAFIA, ETC. | |
| Nota de bibliografía | Incluye referencias bibliográficas e índices |
| 505 0# - NOTA DE CONTENIDO | |
| Nota de contenido | [1] AoA report -- [2] Regional and supra-regional summaries and technical annexes -- [3] Summary for decision makers. |
| 650 #0 - ASIENTO SECUNDARIO DE MATERIA - TERMINO TEMATICO | |
| Término temático o nombre geográfico como elemento de entrada | Marine ecology. |
| 650 #6 - ASIENTO SECUNDARIO DE MATERIA - TERMINO TEMATICO | |
| Término temático o nombre geográfico como elemento de entrada | Ecología marina |
| 650 #6 - ASIENTO SECUNDARIO DE MATERIA - TERMINO TEMATICO | |
| Término temático o nombre geográfico como elemento de entrada | Conservación de los recursos marinos |
| 650 #0 - ASIENTO SECUNDARIO DE MATERIA - TERMINO TEMATICO | |
| Término temático o nombre geográfico como elemento de entrada | Marine ecosystem management. |
| 650 #0 - ASIENTO SECUNDARIO DE MATERIA - TERMINO TEMATICO | |
| Término temático o nombre geográfico como elemento de entrada | Marine resources development. |
| 710 2# - ASIENTO SECUNDARIO - NOMBRE CORPORATIVO | |
| Nombre corporativo o de jurisdicción como elemento de entrada | Intergovernmental Oceanographic Commission. |
| 710 2# - ASIENTO SECUNDARIO - NOMBRE CORPORATIVO | |
| Nombre corporativo o de jurisdicción como elemento de entrada | United Nations Environment Programme. |
| 942 ## - ELEMENTOS ADICIONALES (KOHA) | |
| Sistema de clasificación | Dewey Decimal Classification |
| Tipo de ítem | Libro |
| Withdrawn status | Lost status | Sistema de Clasificación | Damaged status | No para préstamo | Colección | Inventariado | Ubicación Permanente | Ubicación actual | Fecha de adquisición | Fuente de Valor | Valor | Total Checkouts | Número topográfico | Inventario / Código de Barras | Date last seen | Ejemplar | Price effective from | Forma de adquisición | Tipo de material |
|---|---|---|---|---|---|---|---|---|---|---|---|---|---|---|---|---|---|---|---|
| Dewey Decimal Classification | General | Inventariado 2017 | Bogotá | Bogotá | 21/01/2015 | Instituto | 39000.00 | LB-333.9164 A84a | 038535 | 21/01/2015 | Ej. 1 | 21/01/2015 | Libro | ||||||
| Dewey Decimal Classification | General | Inventariado 2017 | Bogotá | Bogotá | 21/01/2015 | Instituto | 39000.00 | LB-333.9164 A84a2 | 038536 | 21/01/2015 | Ej. 1 | 21/01/2015 | Libro | ||||||
| Dewey Decimal Classification | General | Inventariado 2017 | Bogotá | Bogotá | 21/01/2015 | Instituto | 39000.00 | LB-333.9164 A84a3 | 038537 | 21/01/2015 | Ej. 1 | 21/01/2015 | Libro |